| 000 | 00469cam a2200169 4500 | ||
|---|---|---|---|
| 001 | 1898 | ||
| 005 | 20181127164205.0 | ||
| 008 | 720622s1955 nyu b 000 0 eng | ||
| 010 | _a 55006495 | ||
| 100 | 1 | _aKelley, John L. | |
| 245 | 1 | 0 |
_aGeneral topology / _cJohn L. Kelley. |
| 260 |
_aNew York : _bVan Nostrand, _c1955. |
||
| 300 |
_a298 p. ; _c24 cm. |
||
| 440 | 4 | _aThe University series in higher mathematics | |
| 504 | _aIncludes bibliography. | ||
| 650 | 0 | _aTopology. | |
| 999 |
_c1459 _d1459 |
||